[Event "Challenge"]
[Site "http://www.queenalice.com/game.php?id=285298"]
[Date "2007.10.12"]
[Round "-"]
[White "pueblamvp"]
[Black "jdieguezgrm"]
[Result "1-0"]
[WhiteElo "1824"]
[BlackElo "1775"]

1. d4 c5 2. Nf3 d5 3. c4 Nc6 4. e3 Nf6 5. Nc3 Bg4 6. Be2 e6 7. h3 Bxf3 8. Bxf3
Rc8 9. cxd5 cxd4 10. dxc6 dxc3 11. cxb7 Qxd1+ 12. Bxd1 Rb8 13. Ba4+ Nd7 14. Bc6
cxb2 15. Bxb2 Bd6 16. Bxg7 Rg8 17. Bd4 Ke7 18. Bxa7 Rxg2 19. Bxb8 Nxb8 20. Bxg2
1-0

[Event "Challenge"]
[Site "http://www.queenalice.com/game.php?id=296675"]
[Date "2007.11.1"]
[Round "-"]
[White "BboyH"]
[Black "jdieguezgrm"]
[Result "1-0"]
[WhiteElo "1733"]
[BlackElo "1624"]

1. c4 f5 2. d4 Nf6 3. e3 d6 4. Nc3 e5 5. d5 c6 6. f3 Be7 7. e4 f4 8. Bd3 c5 9.
Qb3 Na6 10. Qb5+ Qd7 11. a4 Nb4 12. Kd2 O-O 13. Nh3 Qd8 14. a5 a6 15. Qb6 Qxb6
16. axb6 Bxh3 17. gxh3 Bd8 18. Na4 g6 19. b3 Nd7 20. Ba3 Nxd3 21. Kxd3 Nxb6 22.
Nxb6 Bxb6 23. Rhg1 a5 24. h4 Kg7 25. h5 g5 26. h4 h6 27. hxg5 hxg5 28. Rxg5+ Kh6
29. Rg6+ Kxh5 30. Rg2 Bd8 31. Rh1+ 1-0

[Event "Challenge"]
[Site "http://www.queenalice.com/game.php?id=300010"]
[Date "2007.11.7"]
[Round "-"]
[White "jdieguezgrm"]
[Black "JMRNETO"]
[Result "0-1"]
[WhiteElo "1616"]
[BlackElo "1859"]

1. e4 e5 2. Nf3 Nc6 3. Bb5 d6 4. Bxc6+ bxc6 5. O-O Nf6 6. d3 Bg4 7. Nbd2 d5 8.
Qe1 Bd6 9. h3 Bh5 10. exd5 cxd5 11. Nxe5 O-O 12. Ndf3 Re8 13. Qc3 Nd7 14. Nc6
Qf6 15. Qxf6 Nxf6 16. Nfd4 Bc5 17. Bg5 Nd7 18. Rfe1 f6 19. Rxe8+ Rxe8 20. Bf4
Ne5 21. Kf1 Nxc6 22. Nxc6 Re2 23. Rc1 Rxf2+ 24. Ke1 Rxf4 25. a3 Bf2+ 26. Kd2 Bg3
27. Ne7+ Kf7 28. Nxd5 Rf2+ 29. Kc3 Rxg2 30. b4 Be5+ 31. Kc4 Rh2 32. d4 Bd6 33.
Nc3 Rxh3 34. Nb5 Be2+ 0-1

[Event "Challenge"]
[Site "http://www.queenalice.com/game.php?id=300011"]
[Date "2007.11.7"]
[Round "-"]
[White "jdieguezgrm"]
[Black "Sherlock6834"]
[Result "0-1"]
[WhiteElo "1775"]
[BlackElo "1942"]

1. e4 c5 2. c4 Nc6 3. Nc3 Nf6 4. Nf3 d6 5. d4 cxd4 6. Nxd4 g6 7. Be2 Bg7 8. Nf3
O-O 9. O-O Bg4 10. Nd2 Bd7 11. b3 Qa5 12. Bb2 Nd4 13. Nd5 Nxd5 14. exd5 Nxe2+
15. Qxe2 Bxb2 16. Ne4 Bxa1 17. Rxa1 Bf5 18. Ng3 Qc3 19. Rc1 Qxc1+ 0-1

[Event "AUTO-ADV-713"]
[Site "http://www.queenalice.com/game.php?id=304414"]
[Date "2007.11.15"]
[Round "1"]
[White "luizito13"]
[Black "jdieguezgrm"]
[Result "1-0"]
[WhiteElo "1691"]
[BlackElo "1659"]

1. d4 d5 2. c4 f5 3. cxd5 Qxd5 4. Nc3 Qd8 5. Bf4 e6 6. Nf3 Bb4 7. Rc1 Nc6 8. a3
Ba5 9. e3 Nf6 10. Bb5 Bd7 11. O-O 1-0

[Event "AUTO-ADV-713"]
[Site "http://www.queenalice.com/game.php?id=304415"]
[Date "2007.11.15"]
[Round "1"]
[White "jdieguezgrm"]
[Black "luizito13"]
[Result "0-1"]
[WhiteElo "1659"]
[BlackElo "1654"]

1. c4 c5 2. Nc3 Nc6 3. e4 d6 4. Nf3 Nf6 5. d3 a6 6. Bg5 e6 7. Be2 Be7 8. O-O h6
9. Bh4 Bd7 10. h3 Qc7 11. Rc1 O-O 0-1

[Event "AUTO-ADV-713"]
[Site "http://www.queenalice.com/game.php?id=304432"]
[Date "2007.11.15"]
[Round "1"]
[White "jdieguezgrm"]
[Black "silverado"]
[Result "0-1"]
[WhiteElo "1705"]
[BlackElo "1771"]

1. c4 e5 2. Nc3 Nh6 3. e4 Nc6 4. Nf3 d6 5. Be2 f6 6. d3 Bd7 7. Bxh6 gxh6 8. Nd5
Be6 9. Nh4 Bxd5 10. cxd5 Nd4 11. Bh5+ Ke7 12. O-O Rg8 13. f4 exf4 14. Rxf4 Qd7
15. Nf5+ Nxf5 16. Rxf5 Qb5 17. Qc2 Qb6+ 18. Kh1 Rg5 19. Raf1 Bg7 20. b3 Rc8 21.
h3 c6 22. Qc4 Qe3 23. dxc6 Rxc6 24. Qf7+ Kd8 25. Rxg5 Qxg5 26. Qe8+ Kc7 27. Bg4
Kb6 28. Rf5 Qg6 29. Qd8+ Rc7 30. Qxd6+ Rc6 31. Qd4+ Kc7 32. Qxa7 Bf8 33. Qa5+
Kd7 34. Rd5+ Ke7 35. Qd8+ Kf7 0-1

[Event "AUTO-ADV-713"]
[Site "http://www.queenalice.com/game.php?id=304433"]
[Date "2007.11.15"]
[Round "1"]
[White "silverado"]
[Black "jdieguezgrm"]
[Result "1-0"]
[WhiteElo "1756"]
[BlackElo "1720"]

1. e4 e5 2. Qh5 Bd6 3. Nc3 Nf6 4. Qg5 O-O 5. d3 Nc6 6. Be2 Nd4 7. Kd1 Ne8 8. Qg3
c6 9. Bh6 Qf6 10. Bg5 Qg6 11. h4 h6 12. h5 Qxg5 13. Qxg5 hxg5 14. Bg4 Nf6 15.
Bf5 g6 16. hxg6 fxg6 17. Bxg6 Kg7 18. Bf5 Nxf5 19. exf5 Ng4 20. Ne4 Bc7 21. Ng3
Nxf2+ 22. Kd2 Nxh1 23. Nxh1 Rxf5 24. Nf3 d5 25. Ng3 Rxf3 26. Ne2 e4 27. gxf3
exf3 28. Nd4 g4 29. Rf1 Kf6 30. Ke3 Kg5 31. Rg1 Bf4+ 32. Kf2 Bf5 33. Nxf3+ Kf6
34. Ne1 1-0

[Event "AUTO-ADV-713"]
[Site "http://www.queenalice.com/game.php?id=304434"]
[Date "2007.11.15"]
[Round "1"]
[White "jdieguezgrm"]
[Black "darkjedi"]
[Result "0-1"]
[WhiteElo "1669"]
[BlackElo "1936"]

1. d4 Nf6 2. Nc3 e6 3. e4 Bb4 4. Qf3 O-O 5. Bd2 d6 6. e5 dxe5 7. dxe5 Nd5 8.
O-O-O Bxc3 9. Bxc3 Qg5+ 10. Kb1 Nxc3+ 11. Qxc3 c6 12. Nf3 Qe7 13. Bd3 Nd7 14. g3
Nb6 15. Qd2 f5 16. h4 Bd7 17. Ng5 h6 18. Nh3 Be8 19. f4 Bh5 20. Be2 Bxe2 21.
Qxe2 Rfd8 22. Rxd8+ Rxd8 23. Rd1 Rxd1+ 24. Qxd1 Qd7 0-1

[Event "AUTO-ADV-713"]
[Site "http://www.queenalice.com/game.php?id=304435"]
[Date "2007.11.15"]
[Round "1"]
[White "darkjedi"]
[Black "jdieguezgrm"]
[Result "1-0"]
[WhiteElo "1930"]
[BlackElo "1675"]

1. e4 e5 2. Nc3 Bb4 3. Bc4 Bxc3 4. bxc3 Nf6 5. d3 O-O 6. Ne2 d6 7. O-O Nc6 8. f4
Be6 9. Bb5 Qd7 10. f5 a6 11. fxe6 fxe6 12. Bc4 d5 13. exd5 exd5 14. Bb3 Rae8 15.
Ba3 Rf7 16. c4 Na5 17. cxd5 Nxb3 18. axb3 Nxd5 19. Rxf7 Qxf7 20. Qd2 c6 21. Rf1
Qg6 22. Ng3 Nc7 23. Ne4 Ne6 24. Qf2 Nf4 25. Kh1 1-0

[Event "AUTO-ADV-714"]
[Site "http://www.queenalice.com/game.php?id=305150"]
[Date "2007.11.16"]
[Round "1"]
[White "cunha"]
[Black "jdieguezgrm"]
[Result "1-0"]
[WhiteElo "2086"]
[BlackElo "1657"]

1. e4 e5 2. Nf3 Nc6 3. Bb5 Bd6 4. O-O Nge7 5. c3 O-O 6. d4 exd4 7. cxd4 a6 8.
Ba4 Na7 9. Nc3 Ng6 10. Bg5 Be7 11. Be3 d6 12. h3 c6 13. Bb3 b5 14. Rc1 Be6 15.
d5 cxd5 16. Nxd5 Nc8 17. Nc7 Bxb3 18. Qxb3 Na7 19. Nxa8 Qxa8 20. Bxa7 Qxa7 21.
Rc6 Qd7 22. Rfc1 Qb7 23. Nd2 Bf6 24. Rxd6 Ne5 25. Qd5 Qa7 26. Qc5 Qb7 27. Qc7
Qxc7 28. Rxc7 a5 29. Rd5 Rb8 30. Rxb5 Rd8 31. Rxa5 Rxd2 32. b4 h6 33. Rc8+ Kh7
34. a3 Nd7 35. Rd5 Rxd5 36. exd5 Nb6 37. Rc5 Bd4 38. Rb5 Kg6 39. d6 Kf6 40. a4
Nxa4 41. d7 1-0

[Event "AUTO-ADV-714"]
[Site "http://www.queenalice.com/game.php?id=305151"]
[Date "2007.11.16"]
[Round "1"]
[White "jdieguezgrm"]
[Black "cunha"]
[Result "0-1"]
[WhiteElo "1659"]
[BlackElo "2084"]

1. d4 Nf6 2. c4 e6 3. Nc3 Bb4 4. Bd2 O-O 5. e3 Bxc3 6. Bxc3 Ne4 7. Bb4 c5 8.
dxc5 Nc6 9. Bd3 Nxf2 10. Kxf2 Nxb4 11. a3 Nxd3+ 12. Qxd3 Qf6+ 13. Nf3 Qxb2+ 14.
Qd2 Qxd2+ 15. Nxd2 f5 16. Nf3 b6 17. cxb6 axb6 18. Rhb1 Ra6 19. Ne5 d6 20. Nc6
Bd7 21. Nb4 Ra5 22. Rd1 d5 23. cxd5 Kf7 24. g3 Rc8 25. Kf3 exd5 26. Rxd5 Rxd5
27. Nxd5 Bc6 28. e4 fxe4+ 29. Kxe4 Ke6 30. Re1 Bxd5+ 31. Kd4+ Kd6 32. Rb1 Rc4+
33. Kd3 Be4+ 34. Kxc4 Bxb1 35. Kb5 Kc7 36. h4 h5 37. Kc4 Kc6 38. Kb4 b5 0-1

[Event "AUTO-ADV-714"]
[Site "http://www.queenalice.com/game.php?id=305162"]
[Date "2007.11.16"]
[Round "1"]
[White "jdieguezgrm"]
[Black "lordek"]
[Result "0-1"]
[WhiteElo "1790"]
[BlackElo "1819"]

1. e4 e5 2. Nf3 Nc6 3. Bb5 Bc5 4. O-O d6 5. Bxc6+ bxc6 6. d4 exd4 7. Nxd4 Bd7 8.
Nc3 Rb8 9. a3 a5 10. Na4 Ba7 11. c3 c5 12. Nf5 Qf6 13. Ng3 c4 14. Re1 Bxf2+ 15.
Kh1 Bxe1 16. Qxe1 Bxa4 17. Nh5 Qe5 18. Nf4 Bc6 19. Bd2 Nf6 20. Nd5 Nxd5 21. exd5
Bxd5 22. Qf2 O-O 0-1

[Event "AUTO-ADV-714"]
[Site "http://www.queenalice.com/game.php?id=305163"]
[Date "2007.11.16"]
[Round "1"]
[White "lordek"]
[Black "jdieguezgrm"]
[Result "1-0"]
[WhiteElo "1834"]
[BlackElo "1766"]

1. e4 e5 2. f4 exf4 3. Nf3 h6 4. Bc4 Nc6 5. d4 g5 6. d5 Nce7 7. h4 Bg7 8. hxg5
d6 9. Nc3 Ng6 10. gxh6 Rxh6 11. Rxh6 Bxh6 12. Qe2 Bg4 13. Bb5+ Ke7 14. Bd2 a6
15. Bd3 Ne5 16. O-O-O Nf6 17. Qf2 Qg8 18. Rh1 Bg5 19. Nxg5 Qxg5 20. Bxf4 Nxd3+
21. cxd3 Qg7 22. Qh4 Qg6 23. Bg5 Rg8 24. Be3 Bd7 25. Rf1 Be8 26. Rf5 Bd7 27. Rg5
Qh7 28. Qxh7 Nxh7 29. Rxg8 Nf6 30. Bg5 c6 31. Rh8 1-0